[Event "Festival de Benidorm Simultáneas Anand"]
[Site "Benidorm ESP"]
[Date "2007.??.??"]
[Round "?.28"]
[White "Anand, Viswanathan"]
[Black "Rasskin Friederichs, Ivan"]
[Result "1/2-1/2"]
[WhiteElo "2801"]
[BlackElo "1781"]
[PlyCount "60"]
[EventDate "2007.12.05"]
[EventType "simul"]
[EventCountry "ESP"]
[SourceDate "2007.11.17"]

1. d4 Nf6 2. Nf3 g6 3. c4 Bg7 4. Nc3 O-O 5. e4 d6 6. Be2 e5 7. O-O Nc6 8. d5
Ne7 9. Ne1 Ne8 10. Nd3 f5 11. f3 f4 12. c5 g5 13. cxd6 cxd6 14. Bd2 Ng6 15. Qb3
Rf7 16. Rfc1 Bf8 17. Nf2 Nh4 18. Rc2 h5 19. Rac1 Rg7 20. h3 Nxf3+ 21. gxf3 Bxh3
22. Nxh3 g4 23. fxg4 Qh4 24. Nxf4 exf4 25. Bxf4 Rf7 26. Rf1 Rxf4 27. Rxf4 Qg3+
28. Kh1 Qh3+ 29. Kg1 Qg3+ 30. Kh1 Qh3+ 1/2-1/2

[Event "Festival de Benidorm Simultáneas Anand"]
[Site "Benidorm ESP"]
[Date "2007.??.??"]
[Round "?.29"]
[White "Anand, Viswanathan"]
[Black "Aretxabaleta, Julen"]
[Result "1-0"]
[WhiteElo "2801"]
[BlackElo "1680"]
[PlyCount "39"]
[EventDate "2007.12.05"]
[EventType "simul"]
[EventCountry "ESP"]
[SourceDate "2007.11.17"]

1. e4 c5 2. Nf3 Nc6 3. Bb5 a6 4. Bxc6 dxc6 5. O-O g6 6. d3 Bg7 7. Nc3 Nf6 8. h3
O-O 9. Be3 b5 10. Qd2 Qc7 11. Bf4 Qb7 12. Bh6 Rd8 13. Bxg7 Kxg7 14. Qf4 Ra7 15.
Rfe1 Ra8 16. e5 Ng8 17. Ne4 Qa7 18. Re3 f5 19. exf6+ exf6 20. Rae1 {
irreproducible} 1-0

[Event "Festival de Benidorm Simultáneas Anand"]
[Site "Benidorm ESP"]
[Date "2007.??.??"]
[Round "?.34"]
[White "Anand, Viswanathan"]
[Black "Perez Ferris, Miguel"]
[Result "1-0"]
[WhiteElo "2801"]
[BlackElo "1935"]
[PlyCount "101"]
[EventDate "2007.12.05"]
[EventType "simul"]
[EventCountry "ESP"]
[SourceDate "2007.11.17"]

1. Nf3 f5 2. d4 d5 3. g3 Nf6 4. Bg2 e6 5. O-O Be7 6. c4 c6 7. b3 O-O 8. Qc2 Ne4
9. Ba3 Nd7 10. Bxe7 Qxe7 11. Qb2 g5 12. Nc3 Nd6 13. Nd2 Nf6 14. Rac1 Bd7 15. e3
Be8 16. Rfe1 Bg6 17. f4 g4 18. c5 Nde8 19. b4 Nc7 20. a4 Rfb8 21. b5 a6 22.
bxc6 bxc6 23. Qa1 a5 24. Rb1 Na6 25. Rxb8+ Rxb8 26. Rb1 Qa7 27. Rxb8+ Qxb8 28.
Qb1 Qb4 29. Qxb4 axb4 30. Na2 Ne8 31. Bf1 Nec7 32. Nb3 Kf8 33. Na5 Be8 34. Kf2
Ke7 35. Ke1 Bd7 36. Kd1 Kd8 37. Nb7+ Kc8 38. Nd6+ Kb8 39. Kc2 Ka7 40. Kb3 Kb8
41. Nf7 Be8 42. Ne5 Kb7 43. h3 h5 44. h4 Kb8 45. Nd3 Ka7 46. Ndxb4 Bd7 47. a5
Be8 48. Nxa6 Nxa6 49. Bxa6 Kxa6 50. Ka4 Bd7 51. Nb4+ 1-0

[Event "Festival de Benidorm Simultáneas Anand"]
[Site "Benidorm ESP"]
[Date "2007.??.??"]
[Round "?.35"]
[White "Anand, Viswanathan"]
[Black "Valverde Caballero, Rafael"]
[Result "1-0"]
[WhiteElo "2801"]
[BlackElo "1914"]
[PlyCount "95"]
[EventDate "2007.12.05"]
[EventType "simul"]
[EventCountry "ESP"]
[SourceDate "2007.11.17"]

1. c4 c5 2. Nf3 Nc6 3. Nc3 Nf6 4. g3 d6 5. Bg2 g6 6. O-O Bg7 7. d4 cxd4 8. Nxd4
Nxd4 9. Qxd4 O-O 10. Qd3 Rb8 11. Be3 b6 12. Bd4 Bb7 13. Bxb7 Rxb7 14. e4 Qc8
15. b3 Qh3 16. f3 h5 17. Rac1 Nd7 18. Bxg7 Kxg7 19. Nd5 Nc5 20. Qc3+ e5 21.
Rcd1 Ne6 22. f4 Nd4 23. Rxd4 exd4 24. Qxd4+ f6 25. f5 g5 26. Nf4 gxf4 27. Rxf4
Rg8 28. Rh4 Qxh4 29. gxh4 Kh7+ 30. Kf2 Rf7 31. Kf3 Rg4 32. h3 Rg8 33. Qxd6 Rg1
34. b4 Rg8 35. c5 bxc5 36. bxc5 Re8 37. c6 Ree7 38. a4 Kh8 39. a5 Kh7 40. Ke3
Kh8 41. Kd4 Kg8 42. Qg3+ Rg7 43. Qb8+ Kh7 44. Qd6 Rgf7 45. Qg3 Rg7 46. Qf3 Kh6
47. Kd5 Rgf7 48. Qg3 1-0